000 01928cam a22004934i 4500
003 PE-LiUPU
005 20250731184539.0
008 150623s r 000 0 d
020 _a9657114004
035 _a(Sirsi) i9789657114001
040 _aPE-LiUPU
_bspa
_cPE-LiUPU
_erda
049 _aPRUA
082 0 4 _a930.1095694
_bB48
_221
100 1 _aBierling, Neal,
_eautor.
245 1 0 _aTel Miqne-Ekron :
_breport on the 1995-1996 excavations in field XNW ; areas 77, 78, 79, 89, 90, 101, 102 Iron age I, text and data base (plates, sections, plans) /
_cNeal Bierling.
264 1 _aJerusalem :
_bW. F. Albright Institute of Archaeological Research,
_c1998.
300 _a300 páginas :
_bilustraciones, fotos, planos, gráficos ;
_c28 centímetros
336 _atext
_2rdacontent
337 _aunmediated
_2rdamedia
338 _avolume
_2rdacarrier
490 0 _aThe Tel Miqne-Ekron Limited Edition Series ;
_v7
504 _aIncluye bibliografía.
505 0 _aThe Project. -The site. -The excavations. -Goals of the 1995-1996 seasons. -Field report and archives. - Sumary of results. -The pottery. - A scarab in gold mount.
526 _aP136
526 _aP135
526 _aP134
526 _aP133
526 _aP144
526 _aP143
526 _aP87
526 _aP35
526 _aP20
526 _aP14
526 _aP10
526 _aP06
650 0 4 _aEkron (Ciudad Extinta).
650 0 4 _aExcavaciones (Arqueología)
_zIsrael, Ekron (Ciudad Extinta).
942 _2ddc
_cBOOK
949 _a930.1095694 B48
_wDEWEY
_c1
_i49456
_lCCODEBUL1
_mBUL
_r0
_sY
_tBOOK
_u2015-6-24
_xTEOLOGIA
_PP35
_0COMPRA
_o.STAFF. Colección General
994 _aC0
_bPEPRU
596 _a1
999 _a930.1095694 B48
_wDEWEY
_c29918
_i49456
_f2021-11-11
_g5
_lCCODEBUL1
_mBUL
_r0
_sY
_tBOOK
_u2015-6-24
_xTEOLOGIA
_PP35
_0COMPRA
_o.STAFF. Colección General
_d29918
980 _81
_gALBERTO SANCHEZ Responsable de Automatización